Nacimientos : (Record no. 1111)

MARC details
000 -LEADER
fixed length control field 01322cam a2200373 i 4500
005 - DATE AND TIME OF LATEST TRANSACTION
control field 20260322212047.0
008 - FIXED-LENGTH DATA ELEMENTS--GENERAL INFORMATION
fixed length control field data
010 ## - LIBRARY OF CONGRESS CONTROL NUMBER
LC control number 79088621
020 ## - INTERNATIONAL STANDARD BOOK NUMBER
International Standard Book Number 0873582039 :
Terms of availability {dollar}16.50
020 ## - INTERNATIONAL STANDARD BOOK NUMBER
International Standard Book Number 087358208X (pbk.)
020 ## - INTERNATIONAL STANDARD BOOK NUMBER
International Standard Book Number 9780873582032 :
Terms of availability {dollar}16.50
020 ## - INTERNATIONAL STANDARD BOOK NUMBER
International Standard Book Number 9780873582087 (pbk.)
040 ## - CATALOGING SOURCE
Original cataloging agency DLC
Transcribing agency DLC
Modifying agency DLC
041 0# - LANGUAGE CODE
Language code of text/sound track or separate title enggerspa
043 ## - GEOGRAPHIC AREA CODE
Geographic area code n-usp--
050 00 - LIBRARY OF CONGRESS CALL NUMBER
Classification number NK4695.S26
Item number M66
082 00 - DEWEY DECIMAL CLASSIFICATION NUMBER
Classification number 738.8/2/0979
092 ## - LOCALLY ASSIGNED DEWEY CALL NUMBER (OCLC)
Classification number 738.8 M66 1979
001 - CONTROL NUMBER
control field data
100 1# - MAIN ENTRY--PERSONAL NAME
Personal name Monthan, Guy.
245 10 - TITLE STATEMENT
Title Nacimientos :
Remainder of title nativity scenes by Southwest Indian artisans = Weihnachtskrippen von indianischen Kunsthandwerkern des Südwestens = Nacimientos hechos por artistas indios del Suroeste /
Statement of responsibility, etc. Guy Monthan & Doris Born Monthan.
250 ## - EDITION STATEMENT
Edition statement 1st ed.
260 ## - PUBLICATION, DISTRIBUTION, ETC.
Place of publication, distribution, etc. Flagstaff, Ariz. :
Name of publisher, distributor, etc. Northland Press,
Date of publication, distribution, etc. c1979.
300 ## - PHYSICAL DESCRIPTION
Extent xiv, 93 p. :
Other physical details ill. ;
Dimensions 24 cm.
500 ## - GENERAL NOTE
General note English, German, and Spanish.
500 ## - GENERAL NOTE
General note Includes index.
504 ## - BIBLIOGRAPHY, ETC. NOTE
Bibliography, etc. note Bibliography: p. 91-92.
650 #0 - SUBJECT ADDED ENTRY--TOPICAL TERM
Topical term or geographic name entry element Santos (Art)
Geographic subdivision Southwest, New.
650 #0 - SUBJECT ADDED ENTRY--TOPICAL TERM
Topical term or geographic name entry element Crèches (Nativity scenes)
Geographic subdivision Southwest, New.
650 #0 - SUBJECT ADDED ENTRY--TOPICAL TERM
Topical term or geographic name entry element Indian pottery
Geographic subdivision Southwest, New.
700 1# - ADDED ENTRY--PERSONAL NAME
Personal name Monthan, Doris Born,
Dates associated with a name 1924-
Relator term joint author.
906 ## - LOCAL DATA ELEMENT F, LDF (RLIN)
a 7
b cbc
c orignew
d 2
e opcn
f 19
g y-gencatlg
991 ## -
-- c-GenColl
-- NK4695.S26
-- M66
-- Copy 1
-- BOOKS
Holdings
Withdrawn status Lost status Damaged status Not for loan Home library Current library Shelving location Date acquired Total checkouts Full call number Barcode Date last seen Price effective from Koha item type
        Pleasant Valley Pleasant Valley General stacks 22/03/2026   738.8/2/0979 BC0011147 22/03/2026 22/03/2026 Books